365 moral stories / (Record no. 13253)
[ view plain ]
| 000 -LEADER | |
|---|---|
| fixed length control field | 00621nam a2200241 a 4500 |
| 001 - CONTROL NUMBER | |
| JCCL Control Number | 13252 |
| 003 - CONTROL NUMBER IDENTIFIER | |
| JCCL marc code | BD-JhCC |
| 005 - DATE AND TIME OF LATEST TRANSACTION | |
| control field | 20230801095128.0 |
| 008 - FIXED-LENGTH DATA ELEMENTS--GENERAL INFORMATION | |
| fixed length control field | 230801s ii a|||| |||| 000 0 ben d |
| 020 ## - INTERNATIONAL STANDARD BOOK NUMBER | |
| International Standard Book Number | 9789389504408 |
| 035 ## - SYSTEM CONTROL NUMBER | |
| system control number | (BD-JhCC)13252 |
| 040 ## - CATALOGING SOURCE | |
| Original cataloging agency | BD-JhCC |
| Modifying agency | BD-JhCC |
| 041 ## - LANGUAGE CODE | |
| Language code of Book | eng |
| 082 ## - DEWEY DECIMAL CLASSIFICATION NUMBER | |
| Classification number | 377 |
| Author mark and Year | SAW |
| 100 ## - MAIN ENTRY--PERSONAL NAME | |
| Personal name | Sawan |
| 245 ## - TITLE STATEMENT | |
| Title | 365 moral stories / |
| Statement of responsibility, etc | Sawan |
| 260 ## - PUBLICATION, DISTRIBUTION, ETC. (IMPRINT) | |
| Place of publication, distribution, etc | New Delhi : |
| Name of publisher, distributor, etc | Manoj Publications, |
| Date of publication, distribution, etc | ? |
| 300 ## - PHYSICAL DESCRIPTION | |
| Pagination | 192 p. : |
| Other physical details | color page, |
| Dimensions | 23 cm. |
| 650 ## - SUBJECT ADDED ENTRY--TOPICAL TERM | |
| Topical term or geographic name as entry element | Moral education |
| 650 ## - SUBJECT ADDED ENTRY--TOPICAL TERM | |
| Topical term or geographic name as entry element | Moral education (Elementary) |
| 650 ## - SUBJECT ADDED ENTRY--TOPICAL TERM | |
| Topical term or geographic name as entry element | Children--Conduct of life |
| 942 ## - ADDED ENTRY ELEMENTS (KOHA) | |
| Source of classification or shelving scheme | Dewey Decimal Classification |
| Koha item type | Reference |
| Source of classification or shelving scheme | Damaged status | Not for loan | Home library | Current library | Shelving location | Date of accession | Cost, normal purchase price | Full call number | Barcode | Date last seen | Copy number | Method of acquisition | Koha item type | Currency |
|---|---|---|---|---|---|---|---|---|---|---|---|---|---|---|
| Dewey Decimal Classification | JCC Rouf Library | JCC Rouf Library | General Stacks | 06/23/2023 | 1400.00 | 377 SAW | 18358 | 08/01/2023 | C-1 | Purchase | Reference | BDT |